| Tag |
First Indicator |
Second Indicator |
Subfields |
| LEADER |
00000cam a2200000 4500 |
| 001 |
in00000043710 |
| 005 |
20151007074952.0 |
| 008 |
750815s1948 nyuabc 00000 eng |
| 010 |
|
|
|a 48009341
|
| 035 |
|
|
|a (OCoLC)01548049
|
| 035 |
|
|
|9 AAF2406AM
|
| 040 |
|
|
|c DZM
|d TXA
|d UtOrBLW
|
| 049 |
|
|
|a TXAM
|c [160216]
|
| 050 |
0 |
0 |
|a F1611
|b .M6
|
| 082 |
0 |
|
|a 917.29
|
| 100 |
1 |
|
|a Mitchell, Carleton,
|d 1910-2007.
|
| 245 |
1 |
0 |
|a Islands to windward ;
|b cruising the Caribbees /
|c Illus. by the author.
|
| 264 |
|
1 |
|a New York :
|b D. Van Nostrand Co.,
|c [1948]
|
| 300 |
|
|
|a xv, 287 pages :
|b illustrations (part color) portraits (part color) maps. ;
|c 29 cm.
|
| 336 |
|
|
|a text
|b txt
|2 rdacontent
|
| 337 |
|
|
|a unmediated
|b n
|2 rdamedia
|
| 338 |
|
|
|a volume
|b nc
|2 rdacarrier
|
| 651 |
|
0 |
|a West Indies
|x Description and travel.
|
| 651 |
|
0 |
|a Caribbean Sea.
|
| 999 |
|
|
|a MARS
|
| 999 |
f |
f |
|s c80233f0-0f02-3620-a9bf-1f417e2ccc9c
|i 9abc42aa-271c-3a84-a30c-f821c50ef7a0
|t 0
|
| 952 |
f |
f |
|p ric
|a Texas A&M University
|b Rellis Campus
|c Joint Library Facility
|d Remote Storage
|t 0
|e F1611 .M6
|h Library of Congress classification
|i unmediated -- volume
|m A14802355408
|
| 998 |
f |
f |
|a F1611 .M6
|t 0
|l Remote Storage
|